| 000 | 00896cad a22002055a 4500 | ||
|---|---|---|---|
| 001 | E154330 | ||
| 008 | 111114s2011 xxk s000 0 eng d | ||
| 035 | _a(Sirsi) u154330 | ||
| 041 | 0 | _aeng | |
| 110 | 2 |
_aScotland _bScottish Parliament _95987 |
|
| 245 | 0 | 0 |
_aAgricultural Holdings (Amendment) (Scotland) Bill _h[electronic resource] |
| 260 |
_aEdinburgh _bScottish Parliament _c2011 |
||
| 520 | _aA Bill which amend legislation relating to succession to agricultural tenancies and the review or variation of rent under such tenancies. | ||
| 590 | _aKA | ||
| 650 | 2 | 4 | _aAGRICULTURAL HOLDINGS (AMENDMENT) (SCOTLAND) BILL 2011 |
| 651 | 4 |
_aScotland _y1999- |
|
| 690 | _aENVIRONMENTAL AND LAND CONSULTANCY-AGRIBUSINESS-AGRICULTURE | ||
| 856 | 4 | 0 |
_uhttps://www.scottish.parliament.uk/parliamentarybusiness/Bills/43317.aspx _zView the Bill free of charge at www.scottish.parliament.uk |
| 942 | _n0 | ||
| 999 |
_c112937 _d112937 |
||